000 00288nam a22001217a 4500
008 170926b xxu||||| |||| 00| 0 eng d
041 _aeng
080 _26 ED
_a37
100 _a46
101 _aEDU
245 _aAN INTRODUCTION TO WORK PRACTICE
_cTOSELAND.R.W
942 _2udc
_cBK
999 _c29968
_d29968